| 000 -LEADER |
| fixed length control field |
01428cas a2200445 a 4500 |
| 001 - CONTROL NUMBER |
| control field |
7624909 |
| 003 - CONTROL NUMBER IDENTIFIER |
| control field |
OSt |
| 005 - DATE AND TIME OF LATEST TRANSACTION |
| control field |
20211027104539.0 |
| 006 - FIXED-LENGTH DATA ELEMENTS--ADDITIONAL MATERIAL CHARACTERISTICS |
| fixed length control field |
m d |
| 007 - PHYSICAL DESCRIPTION FIXED FIELD--GENERAL INFORMATION |
| fixed length control field |
cr n |
| 008 - FIXED-LENGTH DATA ELEMENTS--GENERAL INFORMATION |
| fixed length control field |
050614c19649999ru mr pss 0 0eng c |
| 020 ## - INTERNATIONAL STANDARD BOOK NUMBER |
| International Standard Book Number |
9788120340480 |
| 022 ## - INTERNATIONAL STANDARD SERIAL NUMBER |
| International Standard Serial Number |
1555-6301 |
| Incorrect ISSN |
0040-6015 |
| 035 ## - SYSTEM CONTROL NUMBER |
| System control number |
(WaSeSS)ssj0044415 |
| 038 ## - RECORD CONTENT LICENSOR |
| Staff Name |
Khadija |
| 040 ## - CATALOGING SOURCE |
| Original cataloging agency |
OCoLC |
| Language of cataloging |
eng |
| Transcribing agency |
OCoLC |
| Modifying agency |
OCoLC |
| -- |
GU |
| -- |
OCoLC |
| -- |
UV0 |
| -- |
ViRCU |
| -- |
OCoLC |
| -- |
WaSeSS |
| 041 1# - LANGUAGE CODE |
| Language code of text/sound track or separate title |
eng |
| Language code of original |
rus |
| 042 ## - AUTHENTICATION CODE |
| Authentication code |
pcc |
| 050 14 - LIBRARY OF CONGRESS CALL NUMBER |
| Classification number |
TJ4 |
| 082 ## - DEWEY DECIMAL CLASSIFICATION NUMBER |
| Classification number |
621.4 |
| Author Mark |
SOM |
| 100 ## - MAIN ENTRY--PERSONAL NAME |
| Personal name |
Soman, K |
| 9 (RLIN) |
75863 |
| 130 0# - MAIN ENTRY--UNIFORM TITLE |
| Uniform title |
Thermal engineering (Online) |
| 9 (RLIN) |
83415 |
| 210 10 - ABBREVIATED TITLE |
| Abbreviated title |
Thermal engineering |
| 245 10 - TITLE STATEMENT |
| Title |
Thermal engineering |
| 260 ## - PUBLICATION, DISTRIBUTION, ETC. |
| Place of publication, distribution, etc. |
[Moscow, Russia] : |
| Name of publisher, distributor, etc. |
MAIK Nauka/Interperiodica |
| 310 ## - CURRENT PUBLICATION FREQUENCY |
| Current publication frequency |
Monthly |
| 362 1# - DATES OF PUBLICATION AND/OR SEQUENTIAL DESIGNATION |
| Dates of publication and/or sequential designation |
Print began in 1964. |
| 506 ## - RESTRICTIONS ON ACCESS NOTE |
| Terms governing access |
Access limited to subscribers. |
| 515 ## - NUMBERING PECULIARITIES NOTE |
| Numbering peculiarities note |
Assuming the numbering of Teploenergetika. |
| 530 ## - ADDITIONAL PHYSICAL FORM AVAILABLE NOTE |
| Additional physical form available note |
Also available in print. |
| 538 ## - SYSTEM DETAILS NOTE |
| System details note |
Mode of access: World Wide Web. |
| 563 ## - BINDING INFORMATION |
| Binding note |
PB |
| 650 #0 - SUBJECT ADDED ENTRY--TOPICAL TERM |
| Topical term or geographic name entry element |
Heat engineering |
| Form subdivision |
Periodicals. |
| 9 (RLIN) |
83416 |
| 650 #0 - SUBJECT ADDED ENTRY--TOPICAL TERM |
| Topical term or geographic name entry element |
Power (Mechanics) |
| Form subdivision |
Periodicals. |
| 9 (RLIN) |
83417 |
| 655 #0 - INDEX TERM--GENRE/FORM |
| Genre/form data or focus term |
Electronic journals. |
| 9 (RLIN) |
13048 |
| 765 0# - ORIGINAL LANGUAGE ENTRY |
| Title |
Teploenergetika |
| 776 1# - ADDITIONAL PHYSICAL FORM ENTRY |
| Title |
Thermal engineering |
| International Standard Serial Number |
0040-6015 |
| Record control number |
(DLC)67000731 |
| 856 40 - ELECTRONIC LOCATION AND ACCESS |
| Uniform Resource Identifier |
<a href="http://www.columbia.edu/cgi-bin/cul/resolve?clio7624909">http://www.columbia.edu/cgi-bin/cul/resolve?clio7624909</a> |
| Public note |
Full text available from SpringerLINK - NERL: 2006 to present |
| 942 ## - ADDED ENTRY ELEMENTS (KOHA) |
| Source of classification or shelving scheme |
|
| Koha item type |
Book |